| 000 | 00756nam a22001937a 4500 | ||
|---|---|---|---|
| 999 |
_c167619 _d167619 |
||
| 005 | 20190927100855.0 | ||
| 010 | _aB-730390-449 | ||
| 020 |
_a9788192773919 _c395.00 |
||
| 035 | _aB-730390-449 | ||
| 037 |
_bIndex Inernational _adpl |
||
| 082 | _a378.125 | ||
| 100 | _aKanakala, Jayaram | ||
| 245 |
_aSuccessful teaching with creativity and competency / _cby Jayaram Kanakala |
||
| 260 |
_aDelhi _bIndex International _c2013 |
||
| 270 |
_aB-406, Vardhman CGHS, Mayur Vihar Phase - I Extn _bDelhi _e110091 |
||
| 300 |
_aviii,175p. _c22cm(pbk) |
||
| 942 |
_2ddc _cEN _mKAN _h378.125 |
||